عرض عادي
عرض مارك
- التعليم
مدخل مصطلح موضوعي
001 - رقم الضبط
- حقل الضبط: 13770
003 - معرف رقم الضبط
- حقل الضبط: OSt
005 - تاريخ ووقت أخر عملية
- حقل الضبط: 20120512113813.0
008 - عناصر بيانات ثابتة الطول
- حقل تحكم ثابت الطول: 120512|||a|||||| | ||| d
040 ## - مصدر الفهرسة
- هيئة الفهرسة الأصلية: OSt
- وكالة الكتابة: OSt
150 ## - مدخل-- مصطلح تاريخي
- عنصر مدخل المصطلح الموضوعي او الاسم الجغرافي: التعليم
- تفريع عام: طرق التدريس.
670 ## - بيانات المصدر موجوده
- الاستشهاد بالمصدر: Work cat.: (OSt): العفون، نادية حسين يونس. 13769, الإتجاهات الحديثة في التدريس وتنمية التفكير /, 2012.
